Pays d'Europe par deuxième plus grande ville - Statistiques

Statistiques générales
  • Ce quiz a été pris 99 fois
  • Le résultat moyen est 29 sur 43
Statistiques - réponses
Ville
Pays
% Correct
Barcelone Espagne
100%
Birmingham Royaume-Uni
97%
Genève Suisse
97%
Marseille France
95%
Hambourg Allemagne
94%
Cracovie Pologne
94%
Rotterdam Pays-Bas
93%
Milan Italie
92%
Porto Portugal
91%
Saint-Pétersbourg Russie
91%
Thessalonique Grèce
85%
Göteborg Suède
85%
Cork Irlande
80%
Kharkiv Ukraine
80%
Split Croatie
79%
Vaduz Liechtenstein
79%
Gand Belgique
78%
Bergen Norvège
77%
Graz Autriche
73%
Esch-sur-Alzette Luxembourg
71%
Pristina Kosovo
67%
Cluj Roumanie
67%
Aarhus Danemark
66%
Brno République Tchèque
63%
Borgo Maggiore Saint-Marin
62%
Kaunas Lituanie
58%
Espoo Finlande
55%
Escaldes-Engordany Andorre
53%
Debrecen Hongrie
52%
Tirsapol Moldavie
52%
Novi Sad Serbie
52%
Durrës / Elbasan Albanie
49%
Daugavpils Lettonie
49%
Košice Slovaquie
49%
Banja Luka Bosnie-Herzégovine
48%
Kо́pavogur Islande
47%
Tartu Estonie
46%
Maribor Slovénie
46%
Plovdiv Bulgarie
45%
Nikšić Monténégro
44%
Homiel Biélorussie
42%
Birkirkara Malte
39%
Kumanovo Macédoine du Nord
36%
Aucun quiz correspondant
Distribution des résultats
% des personnes avec chaque résultat
Percentile par nombre de réponses
Votre historique - résultats
Vous n’avez pas pris ce quiz